logo

Bir Sreshtho Munshi Abdur Rouf Library
Jhenaidah Cadet College

উচ্চ মাধ্যমিক অজৈব রসায়ন : (Record no. 8299)

MARC details
000 -LEADER
fixed length control field 00627nam a2200205 a 4500
001 - CONTROL NUMBER
JCCL Control Number 8299
003 - CONTROL NUMBER IDENTIFIER
JCCL marc code BD-JhCC
005 - DATE AND TIME OF LATEST TRANSACTION
control field 20190722134007.0
008 - FIXED-LENGTH DATA ELEMENTS--GENERAL INFORMATION
fixed length control field 180220s19831997bg a|||| ||a| 000 0 b d
035 ## - SYSTEM CONTROL NUMBER
system control number (BD-JhCC)8299
040 ## - CATALOGING SOURCE
Original cataloging agency BD-JhCC
Modifying agency BD-JhCC
041 ## - LANGUAGE CODE
Language code of Book ben
082 ## - DEWEY DECIMAL CLASSIFICATION NUMBER
Classification number 546
Author mark and Year UCC 1997
245 ## - TITLE STATEMENT
Title উচ্চ মাধ্যমিক অজৈব রসায়ন :
Remainder of title ভৌত, অধাতু ও ধাতু /
Statement of responsibility, etc জি. কে. নাথ...[et. all]
300 ## - PHYSICAL DESCRIPTION
Pagination 882 p. :
Other physical details ill;
Dimensions 24 cm.
651 ## - SUBJECT ADDED ENTRY--GEOGRAPHIC NAME
Geographic name Inorgamc Chemistry
700 ## - ADDED ENTRY--PERSONAL NAME
Personal name নাথ, জি. কে.
942 ## - ADDED ENTRY ELEMENTS (KOHA)
Source of classification or shelving scheme Library of Congress Classification
Koha item type Books
Koha issues (borrowed), all copies 2
Holdings
Source of classification or shelving scheme Damaged status Not for loan Home library Current library Shelving location Cost, normal purchase price Total Checkouts Full call number Barcode Date last seen Copy number Koha item type Date checked out Date of accession
Dewey Decimal Classification     JCC Rouf Library JCC Rouf Library General Stacks 300.00   546 UCC 1997 10920 02/20/2018 C-1 Books    
Dewey Decimal Classification     JCC Rouf Library JCC Rouf Library General Stacks 300.00 1 546 UCC 1997 10919 08/08/2019 C-2 Books 07/21/2019  
Dewey Decimal Classification     JCC Rouf Library JCC Rouf Library General Stacks 300.00   546 UCC 1997 10918 02/20/2018 C-3 Books    
Dewey Decimal Classification     JCC Rouf Library JCC Rouf Library General Stacks 300.00   546 UCC 1997 10917 02/20/2018 C-4 Books    
Dewey Decimal Classification     JCC Rouf Library JCC Rouf Library General Stacks 300.00   546 UCC 1997 10916 02/20/2018 C-5 Books    
Dewey Decimal Classification     JCC Rouf Library JCC Rouf Library General Stacks 300.00   546 UCC 1997 10915 02/20/2018 C-6 Books    
Dewey Decimal Classification     JCC Rouf Library JCC Rouf Library General Stacks 300.00   546 UCC 1997 10914 02/20/2018 C-7 Books    
Dewey Decimal Classification     JCC Rouf Library JCC Rouf Library General Stacks 250.00   546 UCC 1997 10913 02/20/2018 C-8 Books    
Dewey Decimal Classification     JCC Rouf Library JCC Rouf Library General Stacks 300.00   546 UCC 1997 11501 03/01/2018 C-9 Books   03/01/2018

JCC Library | Contacts | JCC Home

Last Update on 23 September 2017
Copyright @ 2017-2020 JCC Rouf Library
Rouf Library, Jhenidah Cadet College (JCC), Bangladesh